| 000 | 00575nam a2200169 i 4500 | ||
|---|---|---|---|
| 001 | 92233 | ||
| 003 | ES-MaACL | ||
| 005 | 20230906180926.0 | ||
| 007 | t| | ||
| 008 | 050223s1922 sp ||||1| spa d | ||
| 245 | 0 | 0 |
_aLibro en honor de D. Santiago Ramón y Cajal : _btrabajos originales de sus admiradores y discípulos, extranjeros y nacionales. |
| 260 |
_aMadrid : _b[Jiménez y Molina], _c1922. |
||
| 300 |
_a2 v. : _bil. ; _c23 cm. |
||
| 600 | 1 | 4 |
_aRamón y Cajal, Santiago, _d1852-1934- _vHomenajes _995230 |
| 852 |
_aES-MaACL _jE-353-54 |
||
| 999 |
_c92233 _d92233 |
||